000
00283nam a22001217a 4500
008
180111b xxu||||| |||| 00| 0 eng d
041
_a
eng
080
_a
579
100
_a
11
101
_a
MIC
245
_a
COMLEX LEVEL 1 IMMUNOLOGY AND MICROBIOLOGY
_c
MARY.R
942
_2
udc
_c
BK
999
_c
40155
_d
40155